CEJM - Thème 5 - L'emploi - Statistiques

Statistiques générales
  • Ce quiz a été pris 156 fois
  • Le résultat moyen est 10 sur 68
Statistiques - réponses
Hint Réponse % Correct
Si l’offre est supérieure à la demande, le salaire _______. diminue
85%
Lieu théorique où se rencontrent l’offre et la demande de travail : le ______ __ _______ marché du travail
82%
Dans le sens économique, ils offrent leur travail en échange d’une rémunération : les salariés
71%
Quel est le seul type de contrat de travail sur le marché primaire ? CDI
70%
Si la demande est _________ à l'offre, le salaire augmente. supérieure
65%
Toujours dans le sens économique, ils demandent de la main d’œuvre pour leurs activités de production : les entreprises
57%
L'allongement de la durée des ______ retarde l’entrée des jeunes sur le marché. études
47%
Combien de types de contrats de travail du marché secondaire pouvez-vous citer ? CDD
40%
Combien de types de contrats de travail du marché secondaire pouvez-vous citer ? Intérim / CTT
32%
Retraite anticipée avec maintient de salaire : la ___-retraite. pré
25%
La hausse de l’age légal de départ en retraite augmente le taux d’activité des _______. seniors
22%
Selon se dernier, un chômeur est âgé de plus de __ ans. 15
18%
Le plein emploi signifie un taux de chômage égal à _%. 0
17%
Les emplois mal rémunérés, offrant peu de promotion, peu d’avantages sociaux, et/ou des conditions de travail difficiles sont dits _______. précaires
17%
Les politiques de l'emploi peuvent être ______ ou _______. actives
16%
Les politiques de l'emploi peuvent être ______ ou _______. passives
16%
Représentation de la répartition par sexe et âge de la population à un instant donné : la ________ des âges. pyramide
16%
Les politiques actives ont pour but d'_________ le volume d'emploi disponible, mais aussi d'améliorer l'__________entre l'offre et la demande de travail (ex. formations). augmenter
15%
La population active comprend : les employés
14%
Certains secteurs souffrent d’un _______ d’offre et d'un niveau de chômage élevé, tandis que d’autre subissent une _______ d’offre. pénurie
13%
Les contrats aidés sont _____________ par l'État pour favoriser l'emploi des personnes en difficulté d'insertion. subventionnés
13%
Les politiques actives ont pour but d'_________ le volume d'emploi disponible, mais aussi d'améliorer l'__________entre l'offre et la demande de travail (ex. formations). adéquation
11%
Maintien de salaire pendant une certaine période, le temps de retrouver un emploi : allocations chômage
11%
La population active comprend : les chômeurs
11%
Qui est principalement affecté par le sous emploi ? les jeunes
11%
Complétez la formule du calcul du taux de chômage : (______________/___________)*100 Nombre de chômeurs au sens du BIT
11%
Les éducateurs ou les métiers d'aide à la personne sont des exemple de travailleurs _______. sociaux
11%
Complétez la formule du calcul du taux de chômage : (______________/___________)*100 Population active
10%
Combien de temps un chômeur peut-il bénéficier du chômage à taux plein ? 1 an
9%
Le CDI est le seul contrat de travail qui n'est pas obligé d’être ______. rédigé
9%
Que signifie BIT ? Bureau International du Travail
8%
Combien de types de contrats de travail du marché secondaire pouvez-vous citer ? contrats à temps partiel
8%
Les entreprises embauchent lorsqu'elles anticipent une période de ________. croissance
7%
Qui est principalement affecté par le sous emploi ? les femmes
7%
De plus, il répond à ces 3 conditions cumulatives : recherche active
7%
A quelle catégorie appartient un demandeur d'emploi qui est sans emploi et en recherche active ? A
6%
A quelle catégorie appartient un demandeur d'emploi ayant travaillé moins de 78 heures sur le mois de référence ? B
6%
A quelle catégorie appartient un demandeur d'emploi ayant travaillé plus de 78 heures sur le mois de référence ? C
6%
Les formations permettent de développer l'__________ des chômeurs. employabilité
6%
Différence entre le nombre de personnes entrées et sorties du territoire : le _____ __________. solde migratoire
6%
Que permet de calculer cette formule : ( nombre d'actifs / population totale ) * 100 taux d’activité du pays
6%
De plus, il répond à ces 3 conditions cumulatives : sans emploi
5%
De plus, il répond à ces 3 conditions cumulatives : disponible sous 15 jours
4%
En général, les politiques de l'emploi jouent sur le ____ _'______ de la population active, _________, accompagne et _______ les chômeurs, et aident à la transition professionnelle. forment
4%
Quels sont les 3 possibilités de formations en France ? France Travail
4%
Citez les 3 grands types de compétences : sociales
4%
Grands critères diversifiant les profiles de demandeurs d'emploi : compétences
3%
Quels sont les 3 possibilités de formations en France ? Compte Personnel de Formation
3%
La population active comprend : les TNS
3%
Citez les 3 grands types de compétences : physiques
3%
Citez les 3 grands types de compétences : techniques
3%
Elles ont pour but de rendre le chômage ______, et non de le faire disparaître. viable
3%
Les politiques passives sont celles qui sont en lien direct avec l'______. argent
2%
En général, les politiques de l'emploi jouent sur le ____ _'______ de la population active, _________, accompagne et _______ les chômeurs, et aident à la transition professionnelle. financent
2%
Combien de types de contrats de travail du marché secondaire pouvez-vous citer ? freelance / auto-entrepreneuriat
2%
Qui est principalement affecté par le sous emploi ? les employés non-qualifiés
2%
Quel organisation intergouvernementale définit les politiques de l'emploi comme des mesures à prendre pour limiter le chômage ? OCDE
2%
Grands critères diversifiant les profiles de demandeurs d'emploi : parcours professionnel
2%
Combien de types de contrats de travail du marché secondaire pouvez-vous citer ? stages / contrats d'alternances
2%
Certains secteurs souffrent d’un _______ d’offre et d'un niveau de chômage élevé, tandis que d’autre subissent une _______ d’offre. surcroît
2%
En général, les politiques de l'emploi jouent sur le ____ _'______ de la population active, _________, accompagne et _______ les chômeurs, et aident à la transition professionnelle. taux d'emploi
2%
Ce dispositif permet aux salariés de suivre une formation pour changer de métier. Transco
2%
Quel association finance les allocations chômage, en coopération avec France Travail ? Unédic
2%
Combien de types de contrats de travail du marché secondaire pouvez-vous citer ? contrats aidés
1%
Combien de types de contrats de travail du marché secondaire pouvez-vous citer ? contrats saisonniers
1%
Combien de types de contrats de travail du marché secondaire pouvez-vous citer ? contrats sur plateforme (gig economy)
1%
Quels sont les 3 possibilités de formations en France ? Entreprise
1%
Grands critères diversifiant les profiles de demandeurs d'emploi : qualifications
1%
Aucun quiz correspondant
Distribution des résultats
% des personnes avec chaque résultat
Percentile par nombre de réponses
Votre historique - résultats
Vous n’avez pas pris ce quiz